| Tag |
First Indicator |
Second Indicator |
Subfields |
| LEADER |
00000cam a2200000 4500 |
| 001 |
in00000066166 |
| 005 |
20151008051251.0 |
| 008 |
740222s1953 nju b 00000 eng u |
| 010 |
|
|
|a 52008776
|
| 035 |
|
|
|a (OCoLC)00812547
|
| 035 |
|
|
|9 AAG6868AM
|
| 040 |
|
|
|c CIN
|d TXA
|d UtOrBLW
|
| 049 |
|
|
|a TXAM
|c 2 [220432]
|
| 050 |
|
0 |
|a HC59
|b .P38
|
| 092 |
|
|
|a 338.91
|b P417e
|
| 100 |
1 |
|
|a Penrose, E. F.
|q (Ernest Francis),
|d 1895-1984.
|
| 245 |
1 |
0 |
|a Economic planning for the peace.
|
| 264 |
|
1 |
|a Princeton :
|b Princeton University Press,
|c 1953.
|
| 300 |
|
|
|a xiv, 384 pages ;
|c 25 cm.
|
| 336 |
|
|
|a text
|b txt
|2 rdacontent
|
| 337 |
|
|
|a unmediated
|b n
|2 rdamedia
|
| 338 |
|
|
|a volume
|b nc
|2 rdacarrier
|
| 504 |
|
|
|a Bibliographical footnotes.
|
| 650 |
|
0 |
|a Economic policy.
|
| 650 |
|
0 |
|a World politics
|y 1945-1989.
|
| 651 |
|
0 |
|a United States
|x Economic policy.
|
| 999 |
|
|
|a MARS
|
| 999 |
f |
f |
|s a25f4419-b08f-3241-bee2-48d75d37d2aa
|i fd0c4969-071b-37d0-9b70-36c70b93d1b4
|t 0
|
| 952 |
f |
f |
|p ric
|a Texas A&M University
|b Rellis Campus
|c Joint Library Facility
|d Remote Storage
|t 0
|e HC59 .P38
|h Library of Congress classification
|i unmediated -- volume
|m A14800773189
|
| 998 |
f |
f |
|a HC59 .P38
|t 0
|l Remote Storage
|